000 00637nam a22001935i 4500
001 48590
003 ES-MaACL
005 20230915205310.0
007 t|
008 950725s1828 sp ||||1| spa d
040 _aCAM
_bspa
_cCAM
100 1 _aDesmarest, Eugene.
_943896
245 1 0 _aQuímica
_b: compendio de esta ciencia y de sus aplicaciones a las artes /
_cpor Mr. Desmarest; traducido por José Luis Casaseca.
260 _aMadrid :
_b[s.n.],
_c1828 (
_fLeón Amarita)
300 _a2 v. ;
_c15 cm.
700 1 _aCasaseca, José Luis,
_d1800-1869
_936243
852 _aES-MaACL
_jG-10797-8
999 _c48590
_d48590